000
00218 a2200097 4500
001
37202
100
_a
Bowerrox D J
245
_a
Logislical Managment
260
_a
New York
_b
Macmillan Pubs
_c
090
_c
23766
_d
23766
942
_a
NUST-CAE
_c
M
_c
15298
999
_c
272275
_d
272275